Statystyki dla Ameryka Północna

Kliknij tutaj aby rozwiązać quiz!

Ogólne statystyki

  • Ten quiz został rozwiązany 197 razy
  • Średni wynik to 6 z 11

Statystyki odpowiedzi

HintOdpowiedź% Poprawnych
Stany ZjednoczoneWaszyngton
93%
MeksykMeksyk
85%
KanadaOttawa
84%
KubaHawana
64%
PanamaPanama
54%
GwatemalaGwatemala
48%
JamajkaKingston
46%
DominikanaSanto Domingo
38%
KostarykaSan Jose
35%
HaitiPort-Au-Prince
34%
HondurasTegucigalpa
28%

Rozkład punktacji

Percentyl według liczby udzielonych odpowiedzi

Procent ludzi z każdym wynikiem

Twoja historia wyników

Nie rozwiązałeś tego quizu